[Event "28th Czech Open A 2017"]
[Site "Pardubice CZE"]
[Date "2017.07.29"]
[Round "9.14"]
[White "Drozdowski, Kacper"]
[Black "Brkic, Ante"]
[Result "0-1"]
[WhiteTitle "IM"]
[BlackTitle "GM"]
[WhiteElo "2461"]
[BlackElo "2565"]
[WhiteFideId "1136720"]
[BlackFideId "14506688"]
[EventDate "2017.07.21"]

1. e4 e5 2. Nf3 Nc6 3. Bb5 a6 4. Ba4 Nf6 5. O-O Be7 6. Qe2 b5 7. Bb3 O-O 8. c3
d5 9. d3 Bb7 10. Rd1 Re8 11. Nbd2 Bf8 12. Nf1 h6 13. Ng3 Na5 14. Bc2 c5 15. h3
Qb6 16. Nh2 c4 17. Ng4 cxd3 18. Bxd3 Nxe4 19. Nxe4 dxe4 20. Bxe4 Bxe4 21. Qxe4
Qe6 22. Ne3 Rad8 23. Re1 g6 24. b4 f5 25. Qh4 Nc6 26. a4 e4 27. axb5 axb5 28.
Ra6 Ra8 29. Rb6 Reb8 30. Rxb8 Rxb8 31. Rd1 Ne5 32. Nd5 Nd3 33. Qg3 Rd8 34. Nc7
Qc6 35. Rf1 Nxc1 36. Rxc1 Rd6 37. Qe5 Qxc7 38. Qxb5 Rd2 39. Qa6 Kh7 40. Qe6 Bxb4
41. Rb1 Bc5 42. Qa6 h5 43. Kh1 Bxf2 44. Qf6 Qd7 45. g4 Rd1+ 0-1

[Event "28th Czech Open A 2017"]
[Site "Pardubice CZE"]
[Date "2017.07.29"]
[Round "9.15"]
[White "Dvoirys, Semen I."]
[Black "Neuman, Petr"]
[Result "1-0"]
[WhiteTitle "GM"]
[BlackTitle "GM"]
[WhiteElo "2552"]
[BlackElo "2442"]
[WhiteFideId "4100379"]
[BlackFideId "305243"]
[EventDate "2017.07.21"]

1. e4 d6 2. d4 Nf6 3. Nc3 e5 4. Nf3 Nbd7 5. Be3 c6 6. Nd2 exd4 7. Bxd4 Be7 8.
Be2 O-O 9. O-O Re8 10. a4 Bf8 11. Re1 Nc5 12. Bf1 d5 13. exd5 Rxe1 14. Qxe1 Nxd5
15. Nxd5 Qxd5 16. Qe3 Ne6 17. Bc3 Bc5 18. Qe4 Qxe4 19. Nxe4 Be7 20. Rd1 Nc7 21.
Nd6 Bg4 22. Rd4 Ne6 23. Rxg4 Bxd6 24. Bc4 g6 25. b3 Kf8 26. Re4 Ke7 27. Bxe6
fxe6 28. Rh4 h5 29. g4 e5 30. gxh5 g5 31. Rg4 Kf6 32. Bd2 1-0

[Event "28th Czech Open A 2017"]
[Site "Pardubice CZE"]
[Date "2017.07.29"]
[Round "9.16"]
[White "Hauchard, Arnaud"]
[Black "Biolek, Richard Jr."]
[Result "1-0"]
[WhiteTitle "GM"]
[BlackTitle "IM"]
[WhiteElo "2550"]
[BlackElo "2437"]
[WhiteFideId "600113"]
[BlackFideId "319996"]
[EventDate "2017.07.21"]

1. c4 e5 2. Nc3 Nc6 3. g3 Nf6 4. Bg2 g6 5. d3 Bg7 6. Rb1 a5 7. a3 O-O 8. b4 axb4
9. axb4 Ne7 10. Qb3 Rb8 11. Nf3 d6 12. O-O b6 13. b5 Bb7 14. Bb2 Nd7 15. Ra1 Nc5
16. Qc2 Ne6 17. e3 d5 18. cxd5 Nxd5 19. Rfd1 Nxc3 20. Bxc3 Qd5 21. Qb2 Nc5 22.
e4 Qb3 23. Qxb3 Nxb3 24. Ra3 Nd4 25. Nxd4 exd4 26. Bb4 Rfc8 27. Rb1 Ra8 28. Rxa8
Rxa8 29. Rc1 Bc8 30. e5 Ra4 31. Bd6 Bd7 32. Bxc7 Bxb5 33. Bd6 Bf8 34. Bc6 Bxc6
35. Rxc6 Kg7 36. Rxb6 Ra5 37. f4 Ra2 38. Bxf8+ Kxf8 39. Rd6 Ra4 40. Kg2 Ke7 41.
Kf3 f5 42. h3 Kf7 43. g4 Kg7 44. Rd7+ Kg8 45. Kg3 Kf8 46. gxf5 gxf5 47. Kh4 1-0

[Event "28th Czech Open A 2017"]
[Site "Pardubice CZE"]
[Date "2017.07.29"]
[Round "9.17"]
[White "Haba, Petr"]
[Black "Plat, Vojtech"]
[Result "1/2-1/2"]
[WhiteTitle "GM"]
[BlackTitle "IM"]
[WhiteElo "2432"]
[BlackElo "2531"]
[WhiteFideId "300160"]
[BlackFideId "325740"]
[EventDate "2017.07.21"]

1. d4 Nf6 2. c4 e6 3. g3 c5 4. d5 exd5 5. cxd5 d6 6. Nc3 g6 7. Bg2 Bg7 8. Nf3
O-O 9. O-O Bf5 10. Nd2 Na6 11. Nc4 Qd7 12. Bf4 Bh3 13. Qb3 Bxg2 14. Kxg2 Nb4 15.
Bxd6 Rfc8 16. Be5 Nbxd5 17. Rad1 Qe6 18. Nxd5 Nxd5 19. Nd6 Rd8 20. Qxd5 Qxd5+
21. Rxd5 Bxe5 22. Rxe5 Rxd6 23. Rxc5 Rd2 24. Rb5 b6 1/2-1/2

[Event "28th Czech Open A 2017"]
[Site "Pardubice CZE"]
[Date "2017.07.29"]
[Round "9.18"]
[White "Demidov, Mikhail"]
[Black "Bryzgalin, Kirill"]
[Result "0-1"]
[WhiteTitle "IM"]
[BlackTitle "GM"]
[WhiteElo "2524"]
[BlackElo "2424"]
[WhiteFideId "4197143"]
[BlackFideId "4133285"]
[EventDate "2017.07.21"]

1. Nf3 d5 2. c4 c6 3. g3 g6 4. Bg2 Bg7 5. O-O Nf6 6. d4 O-O 7. Qb3 a5 8. cxd5 a4
9. Qa3 Nxd5 10. e4 Nc7 11. Be3 Nb5 12. Qb4 Ra5 13. Qd2 c5 14. d5 Nd6 15. Qc2 Na6
16. a3 f5 17. e5 Nf7 18. Bd2 Nxe5 19. Nxe5 Bxe5 20. Bxa5 Qxa5 21. Nd2 b5 22.
Rfe1 Bd6 23. Rad1 c4 24. Nf3 Nc5 25. Ne5 f4 26. Nc6 Qc7 27. Qc3 Rf7 28. Nd4 Qb6
29. Rd2 Bd7 30. Bf1 Rf6 31. Nc6 Bxc6 32. dxc6 Qxc6 33. Qd4 Kf8 34. Bg2 f3 35.
Bh3 Nb3 36. Qd5 Qxd5 37. Rxd5 Nc5 38. Re3 h5 39. Bf1 Ke8 40. h4 Kd7 41. Rd1 Kc7
42. Rde1 Kb6 43. Kh2 e5 44. Rc1 e4 45. Bxc4 bxc4 46. Rxc4 Re6 47. Rec3 Re5 48.
Rb4+ Ka5 49. Rd4 Bc7 50. Kg1 Bb6 51. Rcc4 Kb5 52. Rb4+ Kc6 53. Rbc4 Ba5 54. Rc2
Kb5 55. Rd6 g5 56. hxg5 Rxg5 57. Kf1 Re5 58. Rd4 Nb3 59. Rd7 Bb6 60. Rc8 Rc5 61.
Rxc5+ Bxc5 62. Rd5 Kc4 63. Rxh5 Bd4 64. Rh7 Bxb2 65. Ra7 Nc5 66. g4 Bxa3 67. g5
Bb2 68. g6 Kb3 69. Ra8 a3 70. Rb8+ Kc4 71. Ra8 Kb4 72. Rb8+ Ka5 0-1

[Event "28th Czech Open A 2017"]
[Site "Pardubice CZE"]
[Date "2017.07.29"]
[Round "9.19"]
[White "Chernyshov, Konstantin"]
[Black "Grekh, Andrey"]
[Result "1/2-1/2"]
[WhiteTitle "GM"]
[BlackTitle "IM"]
[WhiteElo "2498"]
[BlackElo "2395"]
[WhiteFideId "4117328"]
[BlackFideId "14112418"]
[EventDate "2017.07.21"]

1. d4 Nf6 2. Nf3 c5 3. c3 d5 4. Bf4 Nc6 5. e3 Qb6 6. Qb3 c4 7. Qc2 Bf5 8. Qc1
Nh5 9. Bg3 Nxg3 10. hxg3 h6 11. Nbd2 e6 12. Be2 Be7 13. O-O O-O 14. Re1 Qc7 15.
Bd1 b5 16. a3 a5 17. e4 dxe4 18. Nxe4 Rfd8 19. Ned2 a4 20. Bc2 Bxc2 21. Qxc2 Rd5
22. Re2 e5 23. Nxe5 Nxe5 24. dxe5 Rxe5 25. Rxe5 Qxe5 26. Nf3 Qf6 27. Rd1 Bc5 28.
Rd5 Rc8 29. Qf5 Qxf5 30. Rxf5 g6 31. Rd5 Kf8 32. Nd2 f5 33. Kf1 Ke7 34. f4 Ke6
35. Re5+ Kd6 36. g4 Rf8 37. Ke2 Rf6 38. gxf5 gxf5 39. Kf1 Kc6 40. Nf3 Rd6 41.
Ke2 Rg6 42. Ne1 Rf6 43. Nc2 Rg6 44. Kf3 Rd6 45. Rxf5 Rd2 46. Nb4+ Bxb4 47. cxb4
Rxb2 48. Rc5+ Kd6 49. Rxb5 Rb3+ 50. Ke4 Rxa3 51. Rb6+ Kd7 52. Rxh6 Rg3 53. Ra6
c3 54. Rxa4 c2 55. Ra1 Rxg2 56. Rc1 Kd6 57. Kd3 Rf2 58. Ke3 Rh2 59. f5 Rh4 60.
b5 Rc4 61. b6 Ke5 1/2-1/2

[Event "28th Czech Open A 2017"]
[Site "Pardubice CZE"]
[Date "2017.07.29"]
[Round "9.20"]
[White "Murtazin, Bulat"]
[Black "Puranik, Abhimanyu"]
[Result "0-1"]
[WhiteTitle "FM"]
[BlackTitle "IM"]
[WhiteElo "2397"]
[BlackElo "2479"]
[WhiteFideId "24151351"]
[BlackFideId "5061245"]
[EventDate "2017.07.21"]

1. d4 Nf6 2. c4 g6 3. f3 Nc6 4. d5 Ne5 5. e4 d6 6. Nc3 Bg7 7. f4 Ned7 8. Nh3 Nc5
9. Nf2 c6 10. Rb1 O-O 11. Be2 cxd5 12. cxd5 b5 13. a3 Rb8 14. Be3 b4 15. axb4
Rxb4 16. Bxc5 dxc5 17. O-O e6 18. d6 Ne8 19. e5 Rxf4 20. Nd3 Rd4 21. Nb5 Bxe5
22. Nxd4 Bxd4+ 23. Kh1 Nxd6 24. Qc2 Nf5 25. Rf4 e5 0-1

[Event "28th Czech Open A 2017"]
[Site "Pardubice CZE"]
[Date "2017.07.29"]
[Round "9.21"]
[White "Bukal, Vladimir Jr."]
[Black "Nguyen, Thai Dai Van"]
[Result "1/2-1/2"]
[WhiteTitle "IM"]
[BlackTitle "IM"]
[WhiteElo "2398"]
[BlackElo "2473"]
[WhiteFideId "14502941"]
[BlackFideId "358878"]
[EventDate "2017.07.21"]

1. d4 Nf6 2. Nf3 g6 3. Nc3 d5 4. Bf4 Bg7 5. e3 O-O 6. Be2 c5 7. Ne5 cxd4 8. exd4
Nc6 9. O-O Nd7 10. Nxd5 Ndxe5 11. dxe5 Be6 12. c4 Nxe5 13. Qb3 b5 14. Qxb5 Rb8
15. Qc5 Bxd5 16. Rad1 Rxb2 17. Rxd5 Qc8 18. Re1 Nc6 19. Rd2 Rxd2 20. Bxd2 Rd8
21. Be3 Bd4 22. Bxd4 Nxd4 23. Qxc8 Nxe2+ 24. Rxe2 1/2-1/2

[Event "28th Czech Open A 2017"]
[Site "Pardubice CZE"]
[Date "2017.07.29"]
[Round "9.22"]
[White "Pavlov, Sergey2"]
[Black "Nasanjargal, Urtnasan"]
[Result "1/2-1/2"]
[WhiteTitle "IM"]
[BlackTitle "FM"]
[WhiteElo "2467"]
[BlackElo "2381"]
[WhiteFideId "14114330"]
[BlackFideId "4900774"]
[EventDate "2017.07.21"]

1. Nf3 Nf6 2. c4 g6 3. d4 Bg7 4. g3 O-O 5. Bg2 d6 6. O-O Nbd7 7. Nc3 e5 8. e4
exd4 9. Nxd4 a6 10. h3 Rb8 11. Rb1 Ne5 12. b3 c5 13. Nde2 Re8 14. a4 Be6 15. Be3
Qd7 16. Nf4 Nc6 17. Qd2 Rbd8 18. Rbd1 Qc7 19. Nfe2 Na5 20. Qc2 Qb6 21. Rb1 Nd7
22. Nf4 Nc6 23. Rfc1 Nb4 24. Qd2 Qc7 25. Na2 Nc6 26. Nd5 Qb8 27. Bg5 Rc8 28.
Nac3 Nd4 29. Kh1 Kh8 30. Be3 Nf6 31. Nb6 Rc7 32. a5 Rce7 33. b4 Nd7 34. Nbd5
Bxd5 35. Nxd5 Re6 36. bxc5 dxc5 37. f4 Rxe4 38. Bxe4 Rxe4 39. Bxd4 cxd4 40. Re1
Nc5 41. Kh2 f5 42. Nb4 Qe8 43. Nc2 d3 44. Ne3 Bd4 45. Ng2 Qa4 46. g4 Qc2 47.
Qxc2 dxc2 48. Rbc1 Bc3 49. Rxe4 fxe4 50. Rxc2 Bxa5 51. Ne3 Kg7 52. Nd5 Kf7 53.
f5 gxf5 54. gxf5 Bd8 55. Rb2 Bf6 56. Rb6 Bd4 57. Kg2 a5 58. Nc7 a4 59. Nb5 Be5
60. Kf1 Kg7 61. Ke2 Bb2 62. Ke3 a3 63. Nxa3 Bxa3 64. Kd4 Bc1 65. Rb1 e3 66. Kxc5 1/2-1/2

[Event "28th Czech Open A 2017"]
[Site "Pardubice CZE"]
[Date "2017.07.29"]
[Round "9.23"]
[White "Prasanna, Raghuram Rao"]
[Black "Yelisieiev, Yevhenii"]
[Result "0-1"]
[WhiteTitle "IM"]
[BlackTitle "FM"]
[WhiteElo "2466"]
[BlackElo "2317"]
[WhiteFideId "5022401"]
[BlackFideId "14139642"]
[EventDate "2017.07.21"]

1. e4 d6 2. d4 Nf6 3. Nc3 e5 4. Nge2 Be7 5. g3 c6 6. Bg2 b5 7. O-O O-O 8. h3 a5
9. g4 Ba6 10. Ng3 Re8 11. Re1 b4 12. Nce2 c5 13. c3 g6 14. Bh6 Nfd7 15. Qd2 bxc3
16. bxc3 Nb6 17. Rad1 Nc4 18. Qc1 Qb6 19. Qc2 cxd4 20. cxd4 Nc6 21. d5 Nb4 22.
Qb1 Na3 23. Qb3 Nac2 24. Rf1 a4 25. Qb1 Rab8 26. Rd2 Rec8 27. Qd1 Rc7 28. Kh2
Rbc8 29. Qb1 Na3 30. Qa1 Rc2 31. Be3 Qb7 32. Rfd1 Nc4 33. Rxc2 Nxc2 34. Qb1 Qxb1
35. Rxb1 N4xe3 36. fxe3 Nxe3 37. Rb2 Bc4 38. Bf3 Bg5 39. Rb4 a3 40. Ra4 Nc2 41.
Nc3 Bb3 42. axb3 Rxc3 43. Bd1 Bf4 0-1

[Event "28th Czech Open A 2017"]
[Site "Pardubice CZE"]
[Date "2017.07.29"]
[Round "9.24"]
[White "Stocek, Jiri"]
[Black "Domogaev, Sergey"]
[Result "1/2-1/2"]
[WhiteTitle "GM"]
[BlackTitle "GM"]
[WhiteElo "2590"]
[BlackElo "2395"]
[WhiteFideId "304760"]
[BlackFideId "24103608"]
[EventDate "2017.07.21"]

1. c4 Nf6 2. Nc3 e5 3. Nf3 Nc6 4. e3 Be7 5. Be2 O-O 6. O-O d5 7. cxd5 Nxd5 8. d3
Be6 9. Bd2 Nb6 10. Rc1 a5 11. Qc2 a4 12. Rfd1 f5 13. Qb1 Bf6 14. Nb5 Qe7 15. e4
Qf7 16. a3 Ba2 17. Qa1 Bb3 18. Re1 Rad8 19. exf5 Nd5 20. Bd1 Nf4 21. Bxf4 exf4
22. Qb1 Rd7 23. Nd2 Bxd1 24. Rcxd1 Qd5 25. Nc3 Qxf5 26. Nxa4 Qxd3 27. Qc1 Qb5
28. Ne4 Bd4 29. Nac5 Re7 30. b4 h6 31. Nb3 Be5 32. Nec5 Rfe8 33. Re4 f3 34. gxf3
Bd6 35. a4 Qb6 36. Qc4+ Kh8 37. a5 Qa7 38. Rde1 Ne5 39. Qc3 b6 40. f4 bxc5 41.
fxe5 cxb4 42. Qe3 c5 43. f4 Bb8 44. Kh1 Qa8 45. Qe2 Bxe5 46. Qg2 c4 47. Rxc4 Qa6
48. Qc6 Qxc6+ 49. Rxc6 Bxf4 50. Rxe7 Rxe7 51. a6 Kh7 52. Rc4 Bd6 53. Rd4 Re1+
54. Kg2 Be5 55. Rd5 Bb8 56. Rb5 Ba7 57. Rb7 Re2+ 58. Kf1 Rb2 59. Na5 Ra2 60. Nc6
Bc5 61. a7 b3 62. Rxb3 Bxa7 63. Nxa7 Rxa7 64. Kg2 Rf7 1/2-1/2

[Event "28th Czech Open A 2017"]
[Site "Pardubice CZE"]
[Date "2017.07.29"]
[Round "9.25"]
[White "Maslak, Konstantin"]
[Black "Janzelj, Tim"]
[Result "1-0"]
[WhiteTitle "GM"]
[WhiteElo "2566"]
[BlackElo "2391"]
[WhiteFideId "4130901"]
[BlackFideId "14607913"]
[EventDate "2017.07.21"]

1. c4 g6 2. g3 Bg7 3. Bg2 e5 4. Nc3 Nc6 5. Rb1 f5 6. d3 d6 7. e3 Nf6 8. Nge2 Be6
9. Nd5 Qd7 10. b4 O-O 11. b5 Nd8 12. O-O Nh5 13. f4 c6 14. bxc6 bxc6 15. Ndc3
exf4 16. gxf4 Nf6 17. Qa4 Rc8 18. Nd4 Bf7 19. h3 Re8 20. Nf3 Ne6 21. d4 Qc7 22.
Qa6 Rb8 23. Rxb8 Rxb8 24. Nd2 Qb6 25. Qxb6 Rxb6 26. Ba3 c5 27. d5 Nd8 28. Rb1
Nd7 29. Rxb6 Nxb6 30. Nb5 Nb7 31. Bf1 a6 32. Nc7 Na5 33. Bc1 Bc3 34. Nb1 Bb4 35.
a3 Naxc4 36. axb4 cxb4 37. Nxa6 b3 38. Bxc4 Nxc4 39. Nb4 b2 40. Bd2 Nb6 41. Bc3
Bxd5 42. Bd4 Be4 43. Bxb6 Bxb1 44. Bd4 Kf7 45. Bxb2 Be4 46. Kf2 Ke6 47. Kg3 Kf7
48. Kh4 h6 49. Kg3 g5 50. Bd4 Kg6 51. Bb6 Kh5 52. Bd8 Kg6 53. Be7 d5 54. Bd8 Kh5
55. Nc6 Kg6 56. Ne5+ Kh5 57. Be7 Bh1 58. Nf3 gxf4+ 59. Kxf4 Bg2 60. h4 1-0

[Event "28th Czech Open A 2017"]
[Site "Pardubice CZE"]
[Date "2017.07.29"]
[Round "9.26"]
[White "Tomazini, Zan"]
[Black "Michalik, Peter"]
[Result "0-1"]
[WhiteTitle "IM"]
[BlackTitle "GM"]
[WhiteElo "2405"]
[BlackElo "2557"]
[WhiteFideId "14608162"]
[BlackFideId "14907526"]
[EventDate "2017.07.21"]

1. e4 c6 2. d4 d5 3. e5 Bf5 4. Nd2 e6 5. Nb3 Nd7 6. Nf3 c5 7. dxc5 Bxc5 8. Nxc5
Qa5+ 9. c3 Qxc5 10. Qa4 Ne7 11. Bb5 Qc7 12. O-O a6 13. Bg5 Qd8 14. Bxd7+ Qxd7
15. Qa3 Rc8 16. Nd4 Bg6 17. f4 Nf5 18. Nxf5 Bxf5 19. Bh4 Qc7 20. Bf2 Qe7 21. b4
Rc4 22. Bc5 Qc7 23. Rad1 b6 24. Bd6 Qc8 25. Qb2 Rxc3 26. b5 a5 27. Qf2 Qb7 28.
Rc1 Rc4 29. g4 Bd3 30. Rfd1 Kd7 31. Rxc4 dxc4 32. Qd4 Rd8 33. Kf2 Ke8 34. Kg3 f5
35. exf6 Qd7 36. fxg7 Kf7 37. g8=Q+ Kxg8 38. Qf6 Qxd6 39. Re1 Rf8 40. Qg5+ Bg6
41. Re3 Kg7 42. Rf3 h6 43. Qh4 c3 0-1

[Event "28th Czech Open A 2017"]
[Site "Pardubice CZE"]
[Date "2017.07.29"]
[Round "9.27"]
[White "Piscopo, Pierluigi"]
[Black "Ladva, Ottomar"]
[Result "0-1"]
[WhiteTitle "IM"]
[BlackTitle "GM"]
[WhiteElo "2396"]
[BlackElo "2531"]
[WhiteFideId "809152"]
[BlackFideId "4500024"]
[EventDate "2017.07.21"]

1. e4 c5 2. Nf3 e6 3. d4 cxd4 4. Nxd4 Nc6 5. Nc3 Qc7 6. Be3 a6 7. f4 b5 8. Bd3
Bb7 9. Qf3 Nf6 10. g4 h6 11. O-O-O Rc8 12. Rhf1 Nb4 13. g5 Nxd3+ 14. Rxd3 Ng8
15. f5 hxg5 16. fxe6 dxe6 17. Nxe6 Qe7 18. Nd4 Rxh2 19. Nf5 Qe6 20. Rd6 Qe5 21.
Rb6 Rxc2+ 22. Kb1 Rxb2+ 23. Ka1 Nf6 24. Bd4 Qh2 25. Rxb7 b4 26. Nxg7+ Bxg7 27.
Bxf6 Rxc3 28. Re7+ Kd8 29. Rxf7+ Kc8 30. Qf5+ Kb8 31. Rf8+ Bxf8 32. Be5+ Bd6 33.
Bxh2 Rxh2 34. e5 Rc5 35. Re1 Bxe5+ 36. Rxe5 Rc1+ 37. Qb1 Rxb1+ 38. Kxb1 g4 39.
Rg5 Rg2 0-1

[Event "28th Czech Open A 2017"]
[Site "Pardubice CZE"]
[Date "2017.07.29"]
[Round "9.29"]
[White "Schlosser, Philipp"]
[Black "Raja, Harshit"]
[Result "1/2-1/2"]
[WhiteTitle "GM"]
[WhiteElo "2516"]
[BlackElo "2377"]
[WhiteFideId "4600169"]
[BlackFideId "5089000"]
[EventDate "2017.07.21"]

1. c4 c5 2. Nf3 Nc6 3. d4 cxd4 4. Nxd4 Nf6 5. Nc3 e6 6. Bf4 d5 7. cxd5 Nxd5 8.
Nxc6 bxc6 9. Bd2 Bb4 10. Rc1 O-O 11. e3 Rb8 12. Qc2 Nxc3 13. Bxc3 Qa5 14. Bc4
Bxc3+ 15. Qxc3 Qxc3+ 16. bxc3 Rd8 17. O-O Kf8 18. Rfd1 1/2-1/2

[Event "28th Czech Open A 2017"]
[Site "Pardubice CZE"]
[Date "2017.07.29"]
[Round "9.31"]
[White "Potapov, Pavel"]
[Black "Erenberg, Ariel"]
[Result "1/2-1/2"]
[WhiteTitle "GM"]
[BlackTitle "IM"]
[WhiteElo "2495"]
[BlackElo "2375"]
[WhiteFideId "4169786"]
[BlackFideId "2811634"]
[EventDate "2017.07.21"]

1. e4 c5 2. Nf3 d6 3. Nc3 a6 4. a4 Nf6 5. e5 dxe5 6. Nxe5 Qc7 7. Nc4 Nc6 8. Be2
g6 9. O-O Bg7 10. d3 O-O 11. Be3 Nd4 12. Qd2 Bf5 13. Bf4 Qd8 14. a5 Rc8 15. Rfe1
Re8 16. Bd1 Rc6 17. Be5 h5 18. Na4 Be6 19. Nab6 Bxc4 20. Nxc4 Re6 21. c3 Nc6 22.
Bb3 Ng4 23. f4 Ncxe5 24. Nxe5 Rxe5 25. fxe5 Bh6 26. Qc2 Be3+ 27. Rxe3 Nxe3 28.
Qf2 Nf5 29. Bc4 Qc7 30. e6 f6 31. Bd5 Kg7 32. Be4 Nh6 33. Ra3 f5 34. Bf3 Ng4 35.
Qg3 f4 36. Qe1 c4 37. d4 Ne3 38. Ra4 Qd6 39. Qh4 Nf5 40. Qe1 Ne3 41. Qh4 Nf5 42.
Qe1 1/2-1/2

[Event "28th Czech Open A 2017"]
[Site "Pardubice CZE"]
[Date "2017.07.29"]
[Round "9.32"]
[White "Kantor, Gergely"]
[Black "Yagupov, Igor"]
[Result "1-0"]
[WhiteTitle "IM"]
[BlackTitle "GM"]
[WhiteElo "2481"]
[BlackElo "2372"]
[WhiteFideId "751499"]
[BlackFideId "4113632"]
[EventDate "2017.07.21"]

1. d4 d5 2. c4 c6 3. Nf3 Nf6 4. Nc3 e6 5. Bg5 dxc4 6. a4 Bb4 7. e4 Bxc3+ 8. bxc3
Qa5 9. e5 Ne4 10. Rc1 Qd5 11. Be3 Nd7 12. Nh4 g5 13. Nf3 f6 14. exf6 Rf8 15. Ne5
Nxe5 16. dxe5 Qxe5 17. Bxc4 Nxc3 18. Qh5+ Rf7 19. O-O Nd5 20. Bxd5 cxd5 21. Bxg5
Bd7 22. Rfe1 Qf5 23. Rc7 Rd8 24. f4 h6 25. g4 Qd3 26. Qxh6 Qh7 27. Qxh7 Rxh7 28.
f5 1-0

[Event "28th Czech Open A 2017"]
[Site "Pardubice CZE"]
[Date "2017.07.29"]
[Round "9.33"]
[White "Tate, Alan"]
[Black "Gutman, Gennadi"]
[Result "1/2-1/2"]
[WhiteTitle "FM"]
[BlackTitle "GM"]
[WhiteElo "2350"]
[BlackElo "2480"]
[WhiteFideId "2401878"]
[BlackFideId "14102277"]
[EventDate "2017.07.21"]

1. e4 c5 2. Nf3 e6 3. d4 cxd4 4. Nxd4 Nf6 5. Nc3 Nc6 6. Nxc6 bxc6 7. e5 Nd5 8.
Ne4 f5 9. exf6 Nxf6 10. Nd6+ Bxd6 11. Qxd6 Ba6 12. Bxa6 Qa5+ 13. Bd2 Qxa6 14.
Bb4 O-O-O 15. a3 e5 16. f3 Rhe8 17. O-O-O Re6 18. Qd2 d6 19. Qg5 c5 20. Bc3 Rd7
21. Qf5 Rde7 22. Rhe1 g6 23. Qh3 Kb7 24. f4 Qc6 25. fxe5 dxe5 26. Ba5 Nd5 27.
Bd8 Rd7 28. c4 Nf4 29. Rxd7+ Qxd7 30. Qf3+ Qc6 31. Qb3+ Kc8 32. Bg5 Qd7 33. Bxf4
exf4 34. Rd1 Qe7 35. Qd3 Re1 36. Rxe1 Qxe1+ 37. Kc2 Kc7 38. Qd5 Qe7 39. Kb3 g5
40. Qf5 Kb6 41. Qc8 a6 42. Qb8+ Kc6 43. Qc8+ Kb6 44. Qb8+ Kc6 45. Qc8+ 1/2-1/2

[Event "28th Czech Open A 2017"]
[Site "Pardubice CZE"]
[Date "2017.07.29"]
[Round "9.35"]
[White "Nasuta, Grzegorz"]
[Black "Chekletsov, Ilya"]
[Result "1-0"]
[WhiteTitle "IM"]
[BlackTitle "FM"]
[WhiteElo "2455"]
[BlackElo "2350"]
[WhiteFideId "1141686"]
[BlackFideId "24177156"]
[EventDate "2017.07.21"]

1. e4 c5 2. Nf3 d6 3. d4 Nf6 4. Nc3 cxd4 5. Nxd4 g6 6. Be3 Bg7 7. f3 O-O 8. Qd2
Nc6 9. O-O-O d5 10. Qe1 e5 11. Nxc6 bxc6 12. exd5 Nxd5 13. Bc4 Be6 14. Kb1 Qc7
15. Nxd5 cxd5 16. Bxd5 Bxd5 17. Rxd5 Qb7 18. Qa5 e4 19. Qb5 Qc8 20. Bf4 a6 21.
Qb3 Ra7 22. Be5 Rb7 23. Qa3 exf3 24. gxf3 Bxe5 25. Rxe5 Qh3 26. Rhe1 Rbb8 27.
Qxa6 Qxf3 28. b3 Qf4 29. R5e2 Qc7 30. Qf6 Ra8 31. h4 Qa5 32. a4 Rab8 33. Re4
Rfc8 34. Re7 Qd5 35. h5 gxh5 36. Rg1+ Kf8 37. Re3 1-0

[Event "28th Czech Open A 2017"]
[Site "Pardubice CZE"]
[Date "2017.07.29"]
[Round "9.36"]
[White "Horvath, Dominik"]
[Black "Malakhov, Igor"]
[Result "1/2-1/2"]
[WhiteTitle "FM"]
[BlackTitle "IM"]
[WhiteElo "2310"]
[BlackElo "2454"]
[WhiteFideId "1642561"]
[BlackFideId "4183088"]
[EventDate "2017.07.21"]

1. Nf3 c5 2. c4 Nf6 3. Nc3 Nc6 4. g3 g6 5. Bg2 Bg7 6. d4 cxd4 7. Nxd4 O-O 8. O-O
Nxd4 9. Qxd4 d6 10. Qd3 Be6 11. Bd2 Qc8 12. Nd5 Nxd5 1/2-1/2

[Event "28th Czech Open A 2017"]
[Site "Pardubice CZE"]
[Date "2017.07.29"]
[Round "9.37"]
[White "Bergauz, Noam"]
[Black "Kazakovskiy, Valeriy"]
[Result "1/2-1/2"]
[BlackTitle "IM"]
[WhiteElo "2309"]
[BlackElo "2433"]
[WhiteFideId "12938033"]
[BlackFideId "13507443"]
[EventDate "2017.07.21"]

1. e4 e5 2. Nf3 Nc6 3. d4 exd4 4. Nxd4 Bc5 5. Nb3 Bb6 6. Nc3 Nf6 7. g3 d6 8. h3
Be6 9. Bg2 Qd7 10. Bg5 O-O-O 11. Qe2 Nd4 12. Nxd4 Bxd4 13. Qd2 Bb6 14. O-O-O h6
15. Bxf6 gxf6 16. Qf4 f5 17. exf5 Bxf5 18. Nd5 Be6 19. g4 Bc5 20. Rhe1 c6 21.
Nf6 Qc7 22. Ne4 Qa5 23. a3 d5 24. Nxc5 Qxc5 25. Re5 Rd7 26. Rh5 Rhd8 27. Qd4
Qxd4 28. Rxd4 Rh8 29. Rf4 f5 30. g5 Rg7 31. Rxh6 Rxh6 32. gxh6 Rh7 33. Rh4 Kd7
34. Kd2 Kd6 35. Ke3 Ke5 36. b4 b6 37. c3 Bd7 38. Bf1 c5 39. b5 Be8 40. Bd3 Bg6
41. Be2 1/2-1/2

[Event "28th Czech Open A 2017"]
[Site "Pardubice CZE"]
[Date "2017.07.29"]
[Round "9.38"]
[White "Carlsson, Pontus"]
[Black "Sochacki, Wojtek"]
[Result "1-0"]
[WhiteTitle "GM"]
[BlackTitle "FM"]
[WhiteElo "2453"]
[BlackElo "2350"]
[WhiteFideId "1705814"]
[BlackFideId "651389"]
[EventDate "2017.07.21"]

1. e4 c5 2. Nf3 d6 3. d4 cxd4 4. Nxd4 Nf6 5. Nc3 g6 6. Be3 Bg7 7. f3 O-O 8. Bc4
Nc6 9. Bb3 Bd7 10. h4 h5 11. Qd2 Rc8 12. O-O-O Ne5 13. g4 hxg4 14. h5 Nxh5 15.
Bh6 e6 16. Rdg1 Qf6 17. Bxg7 Qxg7 18. fxg4 Nf6 19. g5 Nh5 20. Nce2 Nc4 21. Bxc4
Rxc4 22. b3 Rc5 23. Ng3 Rfc8 24. Kb1 Nxg3 25. Rxg3 d5 26. Rgh3 Kf8 27. Rh7 Qe5
28. Qf2 Be8 29. Qf6 a6 30. Rh8# 1-0

[Event "28th Czech Open A 2017"]
[Site "Pardubice CZE"]
[Date "2017.07.29"]
[Round "9.39"]
[White "Villegas, Pierre"]
[Black "Jansa, Vlastimil"]
[Result "0-1"]
[WhiteTitle "FM"]
[BlackTitle "GM"]
[WhiteElo "2295"]
[BlackElo "2446"]
[WhiteFideId "654183"]
[BlackFideId "300128"]
[EventDate "2017.07.21"]

1. d4 Nf6 2. c4 g6 3. f3 c5 4. d5 d6 5. e4 Bg7 6. Ne2 O-O 7. Nec3 e5 8. g4 h5 9.
g5 Nh7 10. h4 f6 11. Rg1 fxg5 12. hxg5 Nd7 13. Be3 Rf4 14. Bxf4 exf4 15. Bh3
Nxg5 16. Bxd7 Bxd7 17. Qe2 Bd4 18. Rg2 Qf6 19. Nd2 Nf7 20. O-O-O Bxc3 21. bxc3
Qxc3+ 22. Kb1 Ne5 23. Rc1 Qb4+ 24. Ka1 b5 25. Rg5 Re8 26. Qh2 Re7 27. Qxf4 Qa3
28. Rcg1 Qc3+ 29. Kb1 Rg7 30. Qf6 Qxd2 31. Rxh5 Qd3+ 32. Kc1 Qe3+ 33. Kc2 Qf2+
34. Kb3 bxc4+ 35. Ka3 Qe3+ 36. Kb2 Qd4+ 0-1